00348nam a2200121Ia 4500008004100000082001500041100002300056245003500079260003600114365000600150630003500156730003500191100415s9999 xx 000 0 und d b13758a799 aRogozhkin Anatoly aNotes of a Nature Photographer aMOSCOWc1988bRADUGA PUBLISHERS b0 aNotes of a Nature Photographer aNotes of a Nature Photographer